[Event "XXXI Memorial Edoardo Crespi B"]
[Site "Milano ITA"]
[Date "2010.12.06"]
[Round "4"]
[White "Rota, Giacomo"]
[Black "Nepi, Ezio"]
[Result "1/2-1/2"]
[WhiteElo "2011"]
[BlackElo "1904"]
[PlyCount "81"]
[EventDate "2010.12.04"]

1. d4 d5 2. Nf3 Nf6 3. Nbd2 Bf5 4. g3 c6 5. Bg2 h6 6. O-O e6 7. c4 Nbd7 8. Re1
Bd6 9. a3 O-O 10. Nh4 Bh7 11. e4 dxe4 12. Nxe4 Nxe4 13. Bxe4 Bxe4 14. Rxe4 Nf6
15. Re3 Rc8 16. b4 Bb8 17. Bb2 Rc7 18. Nf3 Rd7 19. Ne5 Bxe5 20. Rxe5 Qc7 21.
Qf3 Rd6 22. g4 Qe7 23. Kh1 Rfd8 24. Rg1 Nd7 25. Re4 b5 26. Bc1 Nf6 27. Re5 Nh7
28. cxb5 cxb5 29. Rxb5 Rxd4 30. Rb7 R4d7 31. Rxd7 Rxd7 32. Be3 Qd8 33. a4 Ng5
34. Bxg5 Qxg5 35. Rd1 Rxd1+ 36. Qxd1 Qf4 37. b5 Qxf2 38. a5 Qc5 39. Qa4 Qc1+
40. Kg2 Qd2+ 41. Kg3 1/2-1/2

[Event "XXXI Memorial Edoardo Crespi B"]
[Site "Milano ITA"]
[Date "2010.12.06"]
[Round "4"]
[White "Sirletti, Sonia"]
[Black "Illyuviev, Oleg"]
[Result "0-1"]
[WhiteElo "1903"]
[BlackElo "1988"]
[PlyCount "105"]
[EventDate "2010.12.04"]

1. d4 d5 2. c4 Nc6 3. e3 e5 4. cxd5 Qxd5 5. Nc3 Bb4 6. a3 Bxc3+ 7. bxc3 Nf6 8.
c4 Qd6 9. Bb2 e4 10. Ne2 Bg4 11. Qc2 a5 12. Ng3 Qe7 13. d5 Nb8 14. Bxf6 gxf6
15. Qxe4 Qxe4 16. Nxe4 Ke7 17. Be2 Bf5 18. Ng3 Bg6 19. Kd2 Nd7 20. h4 h5 21.
Bd1 a4 22. f3 Rhg8 23. Rg1 Nc5 24. e4 Kd6 25. Ne2 Ra6 26. Nc3 f5 27. Nb5+ Kd7
28. e5 f4 29. g4 Bd3 30. Kc3 hxg4 31. fxg4 Rh6 32. Bxa4 Bxc4 33. Kxc4 Nxa4 34.
Kb4 Nb6 35. h5 Nxd5+ 36. Kc5 Ne3 37. Nd4 b6+ 38. Kb5 Rg5 39. Nf3 Rxg4 40. Rxg4
Nxg4 41. Rd1+ Ke7 42. Rc1 Kd7 43. Rd1+ Kc8 44. Rh1 Kb7 45. Rh4 c6+ 46. Kb4 Ne3
47. Ne1 c5+ 48. Kb5 Nd5 49. Kc4 Kc6 50. a4 Ne3+ 51. Kb3 Nf5 52. Rxf4 Rxh5 53.
Kc4 0-1

[Event "XXXI Memorial Edoardo Crespi B"]
[Site "Milano ITA"]
[Date "2010.12.06"]
[Round "4"]
[White "Velluti, Alberto"]
[Black "Reale, Simone"]
[Result "0-1"]
[WhiteElo "1947"]
[BlackElo "1907"]
[PlyCount "56"]
[EventDate "2010.12.04"]

1. e4 c5 2. b3 Nc6 3. Bb2 Nf6 4. Nc3 e6 5. d3 d5 6. exd5 exd5 7. Qd2 Bd6 8. Nf3
O-O 9. O-O-O d4 10. Ne4 Nxe4 11. dxe4 Qc7 12. Kb1 Bf4 13. Qe1 Bg4 14. h3 Bxf3
15. gxf3 a5 16. a4 Rfb8 17. Bc4 Nb4 18. Rg1 b5 19. Bxb5 Rxb5 20. axb5 a4 21.
Bxd4 axb3 22. Rxg7+ Kf8 23. cxb3 Qa7 24. Rg8+ Kxg8 25. Qg1+ Kf8 26. Qg7+ Ke8
27. Qh8+ Ke7 28. Bf6+ Ke6 0-1

[Event "XXXI Memorial Edoardo Crespi B"]
[Site "Milano ITA"]
[Date "2010.12.06"]
[Round "4"]
[White "Villa, Giorgio"]
[Black "De Santis, Massimo"]
[Result "1/2-1/2"]
[WhiteElo "1732"]
[BlackElo "1914"]
[PlyCount "69"]
[EventDate "2010.12.04"]

1. d4 d5 2. Nf3 Nf6 3. c4 e6 4. Bg5 h6 5. Bh4 c6 6. e3 Nbd7 7. Nc3 Be7 8. Bd3
O-O 9. O-O Re8 10. Qc2 dxc4 11. Bxc4 Nd5 12. Bxe7 Qxe7 13. Rfd1 Nxc3 14. Qxc3
e5 15. Nxe5 Nxe5 16. dxe5 Bg4 17. Rd4 Bh5 18. e6 fxe6 19. Re4 Qd6 20. Qb3 Kh8
21. Rxe6 Rxe6 22. Bxe6 Rf8 23. Bc4 Qd2 24. Rf1 b5 25. Bd3 Rd8 26. Be4 Be2 27.
Rb1 Bc4 28. Qc2 Bxa2 29. Ra1 Qxc2 30. Bxc2 Rd2 31. Rc1 c5 32. Bg6 Bc4 33. h4
Rd6 34. h5 Rd8 35. e4 1/2-1/2

[Event "XXXI Memorial Edoardo Crespi B"]
[Site "Milano ITA"]
[Date "2010.12.07"]
[Round "5"]
[White "Aliberti, Emilio"]
[Black "Marincolo, Piercarlo"]
[Result "1/2-1/2"]
[WhiteElo "1900"]
[BlackElo "1953"]
[PlyCount "81"]
[EventDate "2010.12.04"]

1. d4 Nf6 2. c4 c5 3. d5 b5 4. cxb5 a6 5. bxa6 Bxa6 6. Nc3 d6 7. g3 g6 8. Bg2
Bg7 9. Nf3 Nbd7 10. O-O O-O 11. Rb1 Ng4 12. Qc2 Qc7 13. b3 Rfb8 14. Bb2 Nge5
15. Nxe5 Nxe5 16. Rfc1 Rb7 17. h3 Rab8 18. f4 Nd7 19. Na4 Bxb2 20. Nxb2 Rb4 21.
e3 Qb6 22. Nd3 Bxd3 23. Qxd3 c4 24. Rxc4 Rxc4 25. Qxc4 Qxe3+ 26. Kh2 Nc5 27. b4
Qa3 28. h4 Na4 29. Qb3 Qxb3 30. Rxb3 Nb6 31. b5 Rc8 32. a3 Kf8 33. Bf3 Rc4 34.
Kg2 e6 35. dxe6 fxe6 36. Bc6 Ke7 37. Kf3 h5 38. Ke3 d5 39. Kd3 Ra4 40. Kc3 Re4
41. Kd3 1/2-1/2

[Event "XXXI Memorial Edoardo Crespi B"]
[Site "Milano ITA"]
[Date "2010.12.07"]
[Round "5"]
[White "Alidosi, Marco"]
[Black "Kimbin, Richard Conrod"]
[Result "0-1"]
[WhiteElo "1811"]
[BlackElo "1928"]
[PlyCount "72"]
[EventDate "2010.12.04"]

1. d4 Nf6 2. Nf3 g6 3. Bf4 c5 4. e3 Bg7 5. c3 b6 6. Be2 Bb7 7. h3 O-O 8. O-O d6
9. Nbd2 Nc6 10. Bh2 Rc8 11. Qa4 e5 12. dxe5 dxe5 13. Rfd1 Qe7 14. Nf1 e4 15.
Ne1 Rfd8 16. Rxd8+ Rxd8 17. Rd1 Rxd1 18. Qxd1 Ne5 19. Qa4 Bc6 20. Qa3 Nd5 21.
Nd2 Nd3 22. Nxd3 exd3 23. Bf3 Nxe3 24. Bxc6 Nc4 25. Qa6 Nxd2 26. Qc8+ Bf8 27.
g4 Qe1+ 28. Kg2 Qf1+ 29. Kg3 Kg7 30. Qd7 Nc4 31. Kf3 Qe2+ 32. Kg2 Ne3+ 33. Kh1
Qf1+ 34. Bg1 Qxh3+ 35. Bh2 Nxg4 36. Qc7 Nxf2+ 0-1

[Event "XXXI Memorial Edoardo Crespi B"]
[Site "Milano ITA"]
[Date "2010.12.07"]
[Round "5"]
[White "Baccarin, Stefano"]
[Black "Arboscelli, Gregorio"]
[Result "0-1"]
[WhiteElo "1810"]
[BlackElo "1906"]
[PlyCount "78"]
[EventDate "2010.12.04"]

1. e4 c5 2. Nc3 Nc6 3. g3 g6 4. Bg2 Bg7 5. f4 d6 6. Nf3 e6 7. O-O Nge7 8. d3
O-O 9. Be3 a6 10. Qd2 b5 11. Rab1 Rb8 12. d4 cxd4 13. Nxd4 Qc7 14. Nce2 Rd8 15.
c3 Na5 16. b3 Bb7 17. g4 d5 18. e5 Rbc8 19. Rbc1 Nac6 20. Ng3 Qd7 21. h4 Nxd4
22. cxd4 f5 23. g5 Nc6 24. Bf3 Bf8 25. Kf2 Ba3 26. Rce1 Bb4 27. Qe2 Bxe1+ 28.
Qxe1 Qe7 29. Bd1 Nb4 30. Qe2 Nc6 31. h5 Qb4 32. Qb2 a5 33. a3 Qe7 34. Rh1 Kg7
35. Kf1 Rh8 36. Ne2 b4 37. a4 Ba6 38. Ke1 Qc7 39. Bc2 Qa7 0-1

[Event "XXXI Memorial Edoardo Crespi B"]
[Site "Milano ITA"]
[Date "2010.12.07"]
[Round "5"]
[White "Bosi, Clint"]
[Black "Gongalov, Bojan"]
[Result "1/2-1/2"]
[WhiteElo "2049"]
[BlackElo "2026"]
[PlyCount "91"]
[EventDate "2010.12.04"]

1. f4 d5 2. Nf3 Bg4 3. e3 d4 4. exd4 e6 5. c3 Nf6 6. Be2 Bxf3 7. Bxf3 c6 8. d3
Bd6 9. O-O Qc7 10. g3 Nbd7 11. Nd2 O-O-O 12. Ne4 h5 13. Be3 h4 14. Qe2 hxg3 15.
hxg3 Nd5 16. Nxd6+ Qxd6 17. Kg2 g5 18. fxg5 N7f6 19. Rh1 Nxe3+ 20. Qxe3 Nd5 21.
Qe5 Qxe5 22. dxe5 Rhg8 23. Bxd5 Rxd5 24. d4 c5 25. Rh4 cxd4 26. cxd4 Rxg5 27.
Rc1+ Kd7 28. Rf4 Rg7 29. Kf3 Ra5 30. a3 Rb5 31. b4 a5 32. Rc5 Rxc5 33. dxc5
axb4 34. Rxb4 Kc6 35. Kf4 Rg6 36. g4 Rh6 37. Rb6+ Kc7 38. Kg5 Rg6+ 39. Kh5 Rg8
40. a4 Ra8 41. Rb4 Rg8 42. Rf4 Rg7 43. Kh6 Rg6+ 44. Kh5 Rg7 45. Kh6 Rg6+ 46.
Kh5 1/2-1/2

[Event "XXXI Memorial Edoardo Crespi B"]
[Site "Milano ITA"]
[Date "2010.12.07"]
[Round "5"]
[White "Calzolari, Giampietro"]
[Black "Laurino, Alberto"]
[Result "1/2-1/2"]
[WhiteElo "1859"]
[BlackElo "1801"]
[PlyCount "40"]
[EventDate "2010.12.04"]

1. Nf3 e6 2. d4 Nf6 3. e3 c5 4. Bd3 b6 5. Qe2 Bb7 6. Nbd2 Qc7 7. O-O Bd6 8. e4
Be7 9. c3 d6 10. Re1 Nbd7 11. a3 h6 12. e5 Nd5 13. Nf1 g5 14. exd6 Bxd6 15. Ne5
Nxe5 16. dxe5 Be7 17. Bb5+ Bc6 18. Bxc6+ Qxc6 19. Qe4 c4 20. Ne3 Rc8 1/2-1/2

[Event "XXXI Memorial Edoardo Crespi B"]
[Site "Milano ITA"]
[Date "2010.12.07"]
[Round "5"]
[White "Cattaneo, Marco"]
[Black "Ciciotti, Augusto"]
[Result "1-0"]
[WhiteElo "1852"]
[BlackElo "1909"]
[PlyCount "36"]
[EventDate "2010.12.04"]

1. d4 Nf6 2. Nf3 g6 3. c4 Bg7 4. Nc3 d5 5. cxd5 Nxd5 6. e4 Nxc3 7. bxc3 O-O 8.
Be2 c5 9. Rb1 Nc6 10. d5 Bxc3+ 11. Bd2 Bxd2+ 12. Qxd2 Na5 13. h4 Bg4 14. h5
Bxh5 15. g4 c4 16. gxh5 c3 17. Qh6 c2 18. Rc1 Qd6 1-0

[Event "XXXI Memorial Edoardo Crespi B"]
[Site "Milano ITA"]
[Date "2010.12.07"]
[Round "5"]
[White "Cerioni, Armando"]
[Black "Bonassi, Tommaso"]
[Result "1-0"]
[WhiteElo "1986"]
[BlackElo "1819"]
[PlyCount "53"]
[EventDate "2010.12.04"]

1. f4 e5 2. fxe5 d6 3. exd6 Bxd6 4. Nf3 g5 5. g3 h5 6. d4 f6 7. Nc3 h4 8. Rg1
hxg3 9. hxg3 Bb4 10. Qd3 Ne7 11. Bd2 c5 12. O-O-O g4 13. Nh4 Qxd4 14. Qxd4 cxd4
15. Nb5 Bxd2+ 16. Rxd2 Na6 17. Bg2 O-O 18. Rgd1 Nc5 19. Rxd4 a6 20. Nd6 Rb8 21.
Nxc8 Rfxc8 22. Rxg4+ Kf7 23. Bd5+ Nxd5 24. Rxd5 Rc6 25. Rc4 b6 26. b4 Ke6 27.
Rdd4 1-0

[Event "XXXI Memorial Edoardo Crespi B"]
[Site "Milano ITA"]
[Date "2010.12.07"]
[Round "5"]
[White "Cimo', Alessandro"]
[Black "Mei, Gianluca"]
[Result "1/2-1/2"]
[WhiteElo "1792"]
[BlackElo "1881"]
[PlyCount "67"]
[EventDate "2010.12.04"]

1. d4 d5 2. c4 dxc4 3. Nc3 e5 4. Nf3 exd4 5. Qxd4 Qxd4 6. Nxd4 Bc5 7. Ndb5 Na6
8. Bf4 Be6 9. Bxc7 Ne7 10. Bd6 O-O 11. Bxc5 Nxc5 12. Nc7 Rad8 13. Nxe6 fxe6 14.
e3 Nd3+ 15. Bxd3 Rxd3 16. Ke2 Nc6 17. f4 e5 18. Rhd1 exf4 19. Rxd3 cxd3+ 20.
Kxd3 Rd8+ 21. Ke2 fxe3 22. Kxe3 Nb4 23. Rf1 Nc2+ 24. Ke2 Re8+ 25. Kd2 Ne3 26.
Rg1 Nc4+ 27. Kc2 h6 28. Kb3 Na5+ 29. Kc2 Rf8 30. Re1 Nc4 31. Re2 a6 32. Kb3
Na5+ 33. Kb4 Rf5 34. a3 1/2-1/2

[Event "XXXI Memorial Edoardo Crespi B"]
[Site "Milano ITA"]
[Date "2010.12.07"]
[Round "5"]
[White "Colica, Daniele"]
[Black "Miracola, Massimiliano"]
[Result "1/2-1/2"]
[WhiteElo "1753"]
[BlackElo "1862"]
[PlyCount "153"]
[EventDate "2010.12.04"]

1. e4 c5 2. Nf3 d6 3. Bb5+ Nd7 4. d4 Ngf6 5. Nc3 cxd4 6. Qxd4 e5 7. Qd3 Be7 8.
Bg5 a6 9. Bxd7+ Bxd7 10. Bxf6 Bxf6 11. Qxd6 Bc6 12. O-O-O Qxd6 13. Rxd6 Ke7 14.
Rhd1 Rac8 15. Ng1 b5 16. f3 b4 17. Nce2 Bg5+ 18. Kb1 Be3 19. Ng3 g6 20. N1e2
Bd4 21. R6xd4 exd4 22. Rxd4 a5 23. Nf4 Rhd8 24. Nd5+ Bxd5 25. exd5 f5 26. Ne2
Rc5 27. c4 g5 28. g3 Kd6 29. f4 Re8 30. Nc1 Re4 31. Nb3 Rxc4 32. Rxc4 Rxc4 33.
Nxa5 Rd4 34. fxg5 Kxd5 35. Kc2 Rg4 36. Kb3 Kc5 37. Nb7+ Kc6 38. Nd8+ Kb5 39.
Ne6 Re4 40. Ng7 f4 41. gxf4 Rxf4 42. Ne8 Rf3+ 43. Kc2 Rf2+ 44. Kb3 Rxh2 45.
Nc7+ Ka5 46. a3 Rh3+ 47. Kc4 bxa3 48. bxa3 Rxa3 49. Kd5 Re3 50. Ne6 Kb6 51. Nf8
Re7 52. Kd6 Rg7 53. Ne6 Rg6 54. Ke5 h5 55. gxh6 Rxh6 56. Kd5 Rh5+ 57. Kd6 Rh1
58. Kd7 Rd1+ 59. Ke7 Kc6 60. Nd8+ Kd5 61. Nf7 Rf1 62. Nd8 Rh1 63. Nf7 Rf1 64.
Nd8 Re1+ 65. Kd7 Rh1 66. Ke7 Rh7+ 67. Nf7 Kc6 68. Kf6 Kd5 69. Kg6 Rh1 70. Kf6
Rg1 71. Ke7 Rg6 72. Kd7 Rg7 73. Ke7 Rg6 74. Kd7 Re6 75. Nd8 Rh6 76. Ke7 Ke5 77.
Nf7+ 1/2-1/2

[Event "XXXI Memorial Edoardo Crespi B"]
[Site "Milano ITA"]
[Date "2010.12.07"]
[Round "5"]
[White "Colombo, Luca"]
[Black "Piantoni, Pierino"]
[Result "0-1"]
[WhiteElo "1912"]
[BlackElo "1960"]
[PlyCount "82"]
[EventDate "2010.12.04"]

1. e4 Nc6 2. Nc3 g6 3. g3 Bg7 4. Bg2 d6 5. d3 e5 6. Be3 Be6 7. Qd2 Qd7 8. h3
O-O-O 9. g4 Nge7 10. Nge2 d5 11. Bh6 Bxh6 12. Qxh6 d4 13. Nd1 Kb8 14. Qd2 f5
15. f3 h6 16. b4 f4 17. b5 g5 18. bxc6 Qxc6 19. c3 Ng6 20. cxd4 exd4 21. Rc1
Qd6 22. Kf2 Ne5 23. Nb2 b6 24. Rc2 c5 25. Nc1 Nc6 26. Qe2 Nb4 27. Rd2 b5 28.
Nb3 Qb6 29. Nc1 Qa6 30. Bf1 Qa3 31. e5 Bd5 32. e6 Rhe8 33. Qe5+ Ka8 34. e7 Rd7
35. Qg7 Rdxe7 36. Qxh6 Re3 37. Bg2 c4 38. Qg6 c3 39. Re2 cxb2 40. Rxe3 dxe3+
41. Ke2 Rc8 0-1

[Event "XXXI Memorial Edoardo Crespi B"]
[Site "Milano ITA"]
[Date "2010.12.07"]
[Round "5"]
[White "D'Avino, Luca"]
[Black "Olivo, Mario"]
[Result "0-1"]
[WhiteElo "1915"]
[BlackElo "1818"]
[PlyCount "77"]
[EventDate "2010.12.04"]

1. e4 c5 2. Nf3 d6 3. d4 cxd4 4. Nxd4 Nf6 5. Nc3 a6 6. Be2 e5 7. Nb3 Be7 8. O-O
O-O 9. Be3 Be6 10. f4 Qc7 11. f5 Bc4 12. g4 Bxe2 13. Qxe2 h6 14. h4 Qc6 15. Na5
Qc7 16. Nc4 Nbd7 17. g5 hxg5 18. hxg5 Nh7 19. Nd5 Qd8 20. f6 gxf6 21. Bb6 Nxb6
22. Nxe7+ Qxe7 23. gxf6 Nxf6 24. Nxb6 Rad8 25. Nd5 Nxd5 26. Qg4+ Kh8 27. Qh5+
Kg7 28. Qg4+ Kh6 29. Rf5 Nf4 30. Kf2 Ng6 31. Rh1+ Kg7 32. Rg1 Rh8 33. Qf3 Rh2+
34. Ke3 Rdh8 35. Rg3 Rxc2 36. Rg2 Rxg2 37. Qxg2 Qh4 38. Rf3 Qe1+ 39. Kd3 0-1

[Event "XXXI Memorial Edoardo Crespi B"]
[Site "Milano ITA"]
[Date "2010.12.07"]
[Round "5"]
[White "De Santis, Massimo"]
[Black "Rota, Giacomo"]
[Result "0-1"]
[WhiteElo "1914"]
[BlackElo "2011"]
[PlyCount "108"]
[EventDate "2010.12.04"]

1. e4 d6 2. d4 Nf6 3. f3 g6 4. Be3 c6 5. c3 Nbd7 6. Bc4 b5 7. Bb3 Bg7 8. Ne2
Qc7 9. Nd2 O-O 10. O-O c5 11. a3 Bb7 12. Kh1 a5 13. Rc1 Rab8 14. Qe1 Ba6 15.
Qf2 Rfc8 16. Rfe1 e6 17. h3 Bb7 18. Bf4 e5 19. dxe5 Nxe5 20. Bc2 Ba6 21. Bh2 b4
22. cxb4 axb4 23. f4 Nc6 24. e5 Nd7 25. exd6 Qxd6 26. Ne4 Qf8 27. Rcd1 Nd4 28.
Bd3 Bxd3 29. Rxd3 bxa3 30. bxa3 Rb2 31. N4c3 Re8 32. Re3 Nc2 33. Rxe8 Qxe8 34.
Rd1 Nd4 35. Re1 Nc2 36. Rb1 Rxb1+ 37. Nxb1 Qe4 38. Nbc3 Qd3 39. Qg3 c4 40. h4
Nf6 41. f5 Qxg3 42. Nxg3 Nxa3 43. fxg6 fxg6 44. Nge2 Ng4 45. Bd6 Nc2 46. Nd5
Kf7 47. Nb6 Nce3 48. Bb4 Ke6 49. Nf4+ Kf5 50. g3 c3 51. Ba3 c2 52. h5 g5 53.
Ne2 Ke4 54. Na4 Kf3 0-1

[Event "XXXI Memorial Edoardo Crespi B"]
[Site "Milano ITA"]
[Date "2010.12.05"]
[Round "5"]
[White "Deghi, Donatello"]
[Black "Invernizzi, Ferruccio"]
[Result "1-0"]
[WhiteElo "1791"]
[BlackElo "1748"]
[PlyCount "106"]
[EventDate "2010.12.04"]

1. d4 d6 2. Nf3 Nf6 3. g3 Bd7 4. Bg2 Qc8 5. O-O Bh3 6. Re1 Bxg2 7. Kxg2 Nc6 8.
c3 h5 9. h4 Qd7 10. Nbd2 O-O-O 11. b4 a6 12. a4 Nh7 13. b5 Nb8 14. bxa6 Nxa6
15. Nc4 f6 16. Qb3 e5 17. Qb5 d5 18. Qxd7+ Rxd7 19. Ne3 e4 20. Ng1 g5 21. Nf5
gxh4 22. Nxh4 Rg8 23. Bf4 Ng5 24. Nf5 Ne6 25. Nh3 Ng7 26. Nxg7 Rdxg7 27. Bh6
Rg6 28. Bxf8 Rxf8 29. Nf4 Rg4 30. Rh1 h4 31. Rxh4 Rxh4 32. gxh4 Rg8+ 33. Kh3 c6
34. h5 Nc7 35. Rh1 Ne8 36. Rh2 Nd6 37. Rg2 Rxg2 38. Nxg2 Nf5 39. Kg4 Nh6+ 40.
Kf4 Kd7 41. Ne3 Ke6 42. Ng4 Nf7 43. a5 Ng5 44. Nh6 Nh3+ 45. Kg3 Ng5 46. Kg4 Nh7
47. Nf5 Ng5 48. h6 Nh7 49. Ng7+ Ke7 50. Kf5 Kf7 51. Ne6 Ke7 52. Nc5 Ng5 53.
Nxb7 Nh3 1-0

[Event "XXXI Memorial Edoardo Crespi B"]
[Site "Milano ITA"]
[Date "2010.12.07"]
[Round "5"]
[White "Di Lascio, Savino"]
[Black "Primerano, Carlo"]
[Result "1-0"]
[WhiteElo "1940"]
[BlackElo "1763"]
[PlyCount "79"]
[EventDate "2010.12.04"]

1. Nf3 c5 2. e4 Nc6 3. Bb5 Nd4 4. Ba4 g6 5. c3 Nxf3+ 6. Qxf3 Bg7 7. O-O e6 8.
Na3 a6 9. Nc4 Qc7 10. Re1 e5 11. Bb3 Nf6 12. d4 d6 13. Bg5 Bg4 14. Qg3 Be6 15.
Nxd6+ Qxd6 16. dxe5 Nh5 17. exd6 Nxg3 18. Bxe6 fxe6 19. hxg3 Kd7 20. e5 Rhf8
21. g4 h6 22. Be3 c4 23. Bb6 Rf4 24. f3 a5 25. a4 Ra6 26. Bf2 Ra8 27. Rad1 b5
28. axb5 a4 29. Ra1 Rff8 30. Ra3 Ra5 31. Re4 Rxb5 32. f4 Rxb2 33. Rxa4 Rb7 34.
Rexc4 g5 35. g3 Rh8 36. Ra7 Rxa7 37. Bxa7 Rc8 38. Rxc8 Kxc8 39. Kf2 Kd7 40. Kf3
1-0

[Event "XXXI Memorial Edoardo Crespi B"]
[Site "Milano ITA"]
[Date "2010.12.07"]
[Round "5"]
[White "Fornasir, Carlo Gustavo"]
[Black "Bernago, Federico"]
[Result "1/2-1/2"]
[WhiteElo "1876"]
[BlackElo "1955"]
[PlyCount "47"]
[EventDate "2010.12.04"]

1. e4 c5 2. c3 d5 3. exd5 Qxd5 4. d4 e5 5. dxe5 Qxe5+ 6. Be2 Nf6 7. Nf3 Qc7 8.
O-O Be7 9. Bb5+ Bd7 10. Bxd7+ Qxd7 11. Qxd7+ Nfxd7 12. Re1 Nc6 13. Bf4 O-O 14.
Na3 Nb6 15. Nb5 Nd5 16. Bg3 Rfd8 17. Rad1 Bf8 18. Nc7 Nxc7 19. Bxc7 Rdc8 20.
Bd6 Rd8 21. Bxf8 Kxf8 22. Kf1 Rxd1 23. Rxd1 Rd8 24. Rxd8+ 1/2-1/2

[Event "XXXI Memorial Edoardo Crespi B"]
[Site "Milano ITA"]
[Date "2010.12.07"]
[Round "5"]
[White "Forno, Roberto"]
[Black "Silari, Andrea"]
[Result "1-0"]
[WhiteElo "1940"]
[BlackElo "1805"]
[PlyCount "58"]
[EventDate "2010.12.04"]

1. d4 Nf6 2. Bg5 d5 3. e3 e6 4. Nf3 Be7 5. c4 O-O 6. Qc2 Ne4 7. Bxe7 Qxe7 8.
Bd3 f5 9. O-O Rf6 10. Nc3 c6 11. cxd5 Nxc3 12. bxc3 cxd5 13. c4 Nc6 14. a3 b6
15. cxd5 exd5 16. Qa2 Rd6 17. Rac1 Be6 18. Rc3 g5 19. Rfc1 g4 20. Nd2 Nd8 21.
a4 Nf7 22. a5 bxa5 23. Qxa5 Rad8 24. Rc7 R8d7 25. Qxa7 Qh4 26. Bb5 Ng5 27. Bxd7
Nh3+ 28. gxh3 gxh3 29. Bxe6+ Kf8 1-0

[Event "XXXI Memorial Edoardo Crespi B"]
[Site "Milano ITA"]
[Date "2010.12.07"]
[Round "5"]
[White "Franco, Alessandro P."]
[Black "Riccio, Luigi"]
[Result "1-0"]
[WhiteElo "1906"]
[BlackElo "1929"]
[PlyCount "109"]
[EventDate "2010.12.04"]

1. e4 c5 2. Nf3 e6 3. d4 cxd4 4. Nxd4 a6 5. Nc3 Qc7 6. Be2 Nf6 7. O-O Nc6 8. a4
Bd6 9. h3 Be7 10. Bg5 h6 11. Be3 d6 12. f4 Bd7 13. f5 Nxd4 14. Qxd4 e5 15. Qd2
Bc6 16. Nd5 Bxd5 17. exd5 b6 18. Ra3 O-O 19. Bxh6 Ne4 20. Qe3 Qc5 21. Qxc5 bxc5
22. Re3 gxh6 23. Rxe4 Bf6 24. b4 Rfc8 25. b5 a5 26. Kf2 Bd8 27. Kg3 Bb6 28. f6
Kh7 29. Kh4 Rg8 30. Bg4 Rg5 31. Bf5+ Kh8 32. Rg4 Rag8 33. Rf3 Bd8 34. Bd7 R8g6
35. Be8 Kg8 36. Rxg5 Rxg5 37. g4 e4 38. Re3 Re5 39. Bd7 Bxf6+ 40. Kg3 Bd8 41.
Bf5 Rxd5 42. Rxe4 Re5 43. Rxe5 dxe5 44. Kf3 Kf8 45. Ke4 Ke7 46. Kxe5 Bc7+ 47.
Kd5 Bd6 48. Kc6 f6 49. Kb6 Kd8 50. Kxa5 Kc7 51. b6+ Kb8 52. Kb5 Be7 53. a5 Bd6
54. a6 Ka8 55. a7 1-0

[Event "XXXI Memorial Edoardo Crespi B"]
[Site "Milano ITA"]
[Date "2010.12.07"]
[Round "5"]
[White "Ganci, Stefano"]
[Black "Sirletti, Sonia"]
[Result "1/2-1/2"]
[WhiteElo "1891"]
[BlackElo "1903"]
[PlyCount "110"]
[EventDate "2010.12.04"]

1. b4 e5 2. Bb2 d6 3. c4 Nd7 4. e3 Ngf6 5. Nc3 c6 6. d4 Be7 7. Nf3 e4 8. Nd2 d5
9. Qb3 Nb6 10. c5 Nbd7 11. b5 Ng4 12. h3 Nh6 13. Be2 f5 14. g3 Nf6 15. a4 g5
16. O-O-O f4 17. gxf4 gxf4 18. exf4 Qc7 19. Rdg1 Qxf4 20. Nd1 Nf5 21. Qc3 Bf8
22. Kb1 Bh6 23. Bc1 Qc7 24. Nb3 Bxc1 25. Qxc1 Be6 26. Qg5 Qf7 27. Ne3 Rg8 28.
Qf4 Rxg1+ 29. Rxg1 Nxe3 30. fxe3 O-O-O 31. Rf1 Rf8 32. Qe5 Qe7 33. h4 Nd7 34.
Rxf8+ Nxf8 35. bxc6 Qc7 36. Qxc7+ Kxc7 37. cxb7 Kxb7 38. Kc2 Ng6 39. h5 Nh4 40.
Nd2 Nf5 41. Nf1 a5 42. Kd2 Bf7 43. Bg4 Nh6 44. Nh2 Be8 45. Bd1 Kc6 46. Ng4 Nxg4
47. Bxg4 h6 48. Ke1 Kc7 49. Bd1 Kd7 50. Kf2 Ke7 51. Kg3 Kf6 52. Kf4 Bc6 53. Bb3
Bb7 54. Kg4 Bc6 55. Bd1 Bd7+ 1/2-1/2

[Event "XXXI Memorial Edoardo Crespi B"]
[Site "Milano ITA"]
[Date "2010.12.07"]
[Round "5"]
[White "Guzzetti, Luigi Enrico"]
[Black "Cardani, Roberto"]
[Result "0-1"]
[WhiteElo "1889"]
[BlackElo "1933"]
[PlyCount "106"]
[EventDate "2010.12.04"]

1. e4 c5 2. Nf3 d6 3. d4 cxd4 4. Nxd4 Nf6 5. Nc3 a6 6. Be2 e5 7. Nb3 Be7 8. O-O
O-O 9. Be3 Be6 10. a4 Nbd7 11. f3 Rc8 12. Qd2 Nb6 13. a5 Nc4 14. Bxc4 Rxc4 15.
Rfd1 Qc7 16. Bb6 Qc6 17. Nd5 Bxd5 18. exd5 Qb5 19. Qd3 Rfc8 20. Rac1 Nd7 21.
Be3 Bd8 22. Nd2 Rb4 23. c4 Qxa5 24. Ne4 Qc7 25. b3 Nc5 26. Nxc5 dxc5 27. d6 Qd7
28. Bd2 Rb6 29. Ba5 Rbc6 30. Bc3 Bf6 31. Qd5 Rd8 32. Bxe5 Bxe5 33. Qxe5 Rxd6
34. Re1 b6 35. Qe7 Qxe7 36. Rxe7 R6d7 37. Rce1 Kf8 38. R7e3 Rd1 39. Kf2 Rxe1
40. Kxe1 Re8 41. Kd2 Rxe3 42. Kxe3 Ke7 43. Ke4 Ke6 44. f4 b5 45. cxb5 axb5 46.
g4 g6 47. h4 h6 48. h5 gxh5 49. gxh5 c4 50. bxc4 bxc4 51. Kd4 Kf5 52. Kxc4 Kxf4
53. Kd4 f5 0-1

[Event "XXXI Memorial Edoardo Crespi B"]
[Site "Milano ITA"]
[Date "2010.12.07"]
[Round "5"]
[White "Illyuviev, Oleg"]
[Black "Hatipoglu, Metin"]
[Result "1-0"]
[WhiteElo "1988"]
[BlackElo "1832"]
[PlyCount "99"]
[EventDate "2010.12.04"]

1. c4 e5 2. Nc3 Nf6 3. Nf3 Nc6 4. g3 d6 5. d3 Be7 6. Bg2 O-O 7. O-O Bd7 8. Nd5
Re8 9. e4 Qc8 10. Bd2 Bd8 11. Ne3 Ng4 12. Ne1 Nd4 13. h3 Nf6 14. Kh2 b5 15. g4
Ne6 16. Nf5 h6 17. cxb5 Bxb5 18. a4 Bd7 19. b4 Rb8 20. Nc2 Nf4 21. Bxf4 exf4
22. Qd2 Bxf5 23. gxf5 d5 24. exd5 f3 25. Bxf3 Qxf5 26. Bg2 Nxd5 27. f4 Bf6 28.
Be4 Qh5 29. Ra3 Nxf4 30. Rxf4 Be5 31. Kg2 Qg5+ 32. Kf3 Qh5+ 33. Kf2 Bxf4 34.
Qxf4 Rb6 35. Qg4 Qe5 36. Qe2 Qh2+ 37. Ke1 Qg3+ 38. Kd2 f5 39. Bd5+ Kf8 40. Qf3
Qh2+ 41. Kc3 Qe5+ 42. d4 Qf6 43. Ra1 c6 44. Bc4 Rbb8 45. Qh5 Rb7 46. Rg1 Re4
47. Rg6 Qe7 48. Qxf5+ Ke8 49. Qc8+ Qd8 50. Qxb7 1-0

[Event "XXXI Memorial Edoardo Crespi B"]
[Site "Milano ITA"]
[Date "2010.07.12"]
[Round "5"]
[White "Marchini, Daniele"]
[Black "Lancianese, Giuseppe"]
[Result "1/2-1/2"]
[WhiteElo "1847"]
[BlackElo "1784"]
[PlyCount "47"]
[EventDate "2010.12.04"]

1. d4 Nf6 2. c4 e5 3. dxe5 Ng4 4. Nc3 Bc5 5. e3 Nxe5 6. b3 d6 7. Bb2 Nbc6 8.
Be2 O-O 9. Nf3 Bf5 10. Nxe5 Nxe5 11. O-O c6 12. Na4 Bb4 13. a3 Ba5 14. b4 Bc7
15. c5 d5 16. Rc1 Qh4 17. g3 Qh3 18. Qd4 Qh6 19. f4 Ng4 20. h3 Nf6 21. g4 Qxh3
22. gxf5 Qg3+ 23. Kh1 Qh3+ 24. Kg1 1/2-1/2

[Event "XXXI Memorial Edoardo Crespi B"]
[Site "Milano ITA"]
[Date "2010.12.07"]
[Round "5"]
[White "Monticone, Sonia"]
[Black "Guidi, Giacomo G."]
[Result "0-1"]
[WhiteElo "1827"]
[BlackElo "1996"]
[PlyCount "60"]
[EventDate "2010.12.04"]

1. c4 f5 2. Nc3 Nf6 3. g3 d6 4. Bg2 e5 5. d3 g6 6. e3 Bg7 7. Nge2 O-O 8. O-O
Nc6 9. Rb1 a5 10. a3 Kh8 11. b4 axb4 12. axb4 Qe8 13. b5 Nd8 14. Qb3 Ne6 15.
Ba3 Nc5 16. Bxc5 dxc5 17. Rfe1 Rb8 18. Qa3 e4 19. dxe4 fxe4 20. Qxc5 Qf7 21.
Nd1 Bf5 22. Nd4 Bg4 23. f3 exf3 24. Nxf3 Ne4 25. Qd5 Qxd5 26. cxd5 Bxf3 27. Bh3
Rbd8 28. Be6 Ng5 29. Rb4 Bxd5 30. Bxd5 Rxd5 0-1

[Event "XXXI Memorial Edoardo Crespi B"]
[Site "Milano ITA"]
[Date "2010.12.07"]
[Round "5"]
[White "Morandi, Daniele"]
[Black "Juciute, Einora"]
[Result "1-0"]
[WhiteElo "1925"]
[BlackElo "1843"]
[PlyCount "65"]
[EventDate "2010.12.04"]

1. e4 e6 2. d4 d5 3. Nd2 c5 4. exd5 exd5 5. Bb5+ Nc6 6. Ngf3 Be6 7. O-O Nh6 8.
Ne5 Qc7 9. Ndf3 c4 10. b3 Nf5 11. bxc4 Be7 12. cxd5 Bxd5 13. c4 Bxf3 14. Qxf3
O-O 15. Nxc6 bxc6 16. Qxc6 Qa5 17. Be3 a6 18. Ba4 Rfd8 19. Bb3 Rac8 20. Qe4 Bf6
21. Rad1 Nh4 22. c5 Qc7 23. d5 Re8 24. Qc4 Qe5 25. d6 Re6 26. Qxa6 Rf8 27. Bxe6
fxe6 28. d7 Qe4 29. f3 Qxe3+ 30. Kh1 Bd4 31. Rfe1 Qg5 32. Qxe6+ Kh8 33. Qg4 1-0